Crvena Zvezda - Statistics

General Stats
  • This quiz has been taken 329 times
    310 since last reset
  • The average score is 17 of 31
Answer Stats
# Answer % Correct
Ime navijacke grupe Delije Sever
92%
Koliko smo bodova osvojili u grupi smrti 4
83%
Koje godine je Zvezda osvojila Ligu Sampiona 1991
81%
Glavne boje kluba crvena i bela
81%
Bratski klub #2 Olympiacos
81%
Najveci rival Partizan
81%
Ime fudbalskog stadiona Marakana / Rajko Mitic
80%
Bratski klub #1 Spartak Moscow
76%
U kojem mestu je Zvezda osvojila Ligu Sampiona Bari
72%
Ko je bio strelac oba gola u Salzburgu ( i ako se negde navodi kao da je drugi gol postigao Degenek ) el Fardou Ben
70%
Ime kosarkaskog stadiona ( dvorane ) Hala Aleksandar Nikolic / Pionir
69%
Protiv koga je bila istorijska pobeda 06.11.2018. Liverpul
69%
Broj osvojenih titula u ligi 30
67%
Broj osvojenih titula u ABA ligi 5
67%
Ko je postigao oba gola Milan Pavkov
67%
Trenutni trener FK Crvena Zvezda (2017/18) Vladan Milojevic
67%
Protiv koga smo igrali u toj utakmici Colo-Colo
57%
Protiv koga je odigrana istorijska utakmica 2018/19 za prolaz u Ligu Sampiona Salzburg
56%
Navijacka grupa Olympiacosa Gate 7
52%
Broj osvojenih titula u Srbiji 20
51%
Protiv koga smo igrali u poslednjoj rundi kvalifikacija za ligu evrope 2017/18 i prosli u Ligu Evrope Krasnodar
48%
U kojem mestu je Zvezda postala svetski prvak Tokyo
48%
Najefikasniji stranac u istoriji kluba Richmond Boakye
42%
Trenutni trener KK Crvena Zvezda (2017/18) Dusan Alimpijevic
36%
Koja je to bila grupa smrti u kojoj smo se nasli u Ligi Sampiona Liverpul, Napoli i PSG
36%
Datum osnivanja Crvene Zvezde 4.3.1945.
32%
Datum osnivanja navijacke grupe 7.1.1989.
29%
Sa kim smo bili u grupi u Ligi Evrope Arsenal, Keln i Bate Borisov
16%
Navijacka grupa Spartaka iz Moskve Fratria
14%
Broj svih pobeda nad Partizanom 107
10%
Ko su gardisti Savic, Gobeljic, Borjan, Stojkovic i Jovicic
0%
No matching quizzes found
Score Distribution
Percent of People with Each Score
Percentile by Number Answered
Your Score History
You have not taken this quiz since the last reset